000 00440nam a2200181Ia 4500
001 9689
005 20260306161737.0
008 260306t2015||||xx |||||||||||||| ||spa||
041 _aESP
082 _a394.26985
_bM61
100 _aMinisterio de Cultura
_eAUT
245 0 _aPatrimonio cultural inmaterial del Perú
260 _c2015
300 _a343 páginas :
_c29 cm.
650 _aGEN
654 _aCHU
942 _cLIB
_dJUS
_fJUS
_2ddc
_n
999 _c9689
_d9689